|
|
|
|
| LEADER |
00000cam a2200000 a 4500 |
| 001 |
vtls001362356 |
| 003 |
SK-MaSNL |
| 005 |
20260301160916.0 |
| 008 |
250414s1999 xo d fr 100 0 ger |
| 015 |
|
|
|a SNBA1999/08-03134
|
| 020 |
|
|
|a 8080540934
|
| 035 |
|
|
|a SNK000315952
|
| 035 |
|
|
|a urn:nbn:sk:snk-amjs4n
|
| 035 |
|
|
|a urn:nbn:sk:snk:ar-a0bm8h
|
| 035 |
|
|
|a e88cf998-ab2c-4ef3-b2fe-3d49ec676168
|
| 040 |
|
|
|a SNK
|b slo
|c SNK
|e AACR2
|
| 041 |
0 |
|
|a ger
|
| 044 |
|
|
|a xo
|c SK
|
| 080 |
|
|
|a 351.74:378(4-191.2)(082)=30
|2 1981
|
| 080 |
|
|
|a 378:351.74(4-191.2)(082)=30
|2 1981
|
| 111 |
2 |
|
|a International Konferenz von Rektoren/Direktoren der Polizeihochschulen mittel- und osteuropäischer Länder
|n (6. :
|d 1998 :
|c Bratislava, Slovensko)
|4 aut
|9 92757
|
| 245 |
0 |
0 |
|a 6. internationale Konferenz von Rektoren/Direktoren der Polizeihochschulen mittel- und osteuropäischer Länder
|c [zusammengestellt vonz J. Hric, D. Weberová]
|
| 246 |
1 |
0 |
|a 6. medzinárodná konferencia rektorov/riaditeľov vysokých policajných škôl krajín strednej a východnej
|
| 246 |
1 |
3 |
|a Sechste internationale Konferenz von Rektoren/Direktoren der Polizeihochschulen mittel- und osteuropäischer Länder
|
| 260 |
|
|
|a Bratislava
|b Polizeiakademie
|c 1999
|
| 300 |
|
|
|a 102 s.
|c 30 cm
|
| 500 |
|
|
|a Ilustr. na tit. strane
|
| 500 |
|
|
|a Údaj o zost. prevzatý z tiráže
|
| 504 |
|
|
|a Res. slov. a nem.
|
| 650 |
0 |
7 |
|a polícia
|2 SNKPH
|9 1673
|
| 650 |
0 |
7 |
|a vysoké školy
|2 SNKPH
|9 1277
|
| 651 |
|
7 |
|a Európa stredná
|2 SNKPH
|9 23970
|
| 655 |
|
7 |
|a zborníky konferencií
|2 SNKPH
|9 70153
|
| 655 |
|
7 |
|a issue_zb
|2 SNK
|9 276493
|
| 700 |
1 |
|
|a Hric, Ján,
|d 1935-2017
|4 com
|9 210476
|
| 700 |
1 |
|
|a Weberová, Dagmar
|4 com
|9 324963
|
| 710 |
0 |
|
|a Akadémia Policajného zboru v Bratislave.
|b Katedra verejnej správy a krízového manažmentu
|4 pbl
|9 183636
|
| 852 |
|
|
|a Slovenská národná knižnica
|
| 919 |
|
|
|a 80-8054-093-4
|
| 954 |
|
|
|a odborná, vedecká literatúra pôvodná (slovenská)
|2 lita
|
| 954 |
|
|
|a odborná, vedecká literatúra cudzojazyčná (svetová)
|2 lita
|
| 958 |
|
|
|a OND
|
| 958 |
|
|
|a ART
|
| 958 |
|
|
|a TL
|
| 999 |
|
|
|c 807413
|d 809343
|
| 952 |
|
|
|t P60, <03>, [BOOK], {603}
|a SNK
|b SNK
|y PREZ
|7 0
|p 17A0192572
|o snkSB 60228
|i snkKSP 5372/99
|0 0
|1 0
|4 0
|d 1999-05-06
|f 1
|l 0
|r 2025-04-09 00:00:00
|w 2026-02-24
|
| 952 |
|
|
|t P60, <04>, [BOOK], {604}
|a SNK
|b SNK
|y VYP
|7 0
|p 17A0192573
|o snkSB 60228 D1
|i snkKSP 5373/99
|0 0
|1 0
|4 0
|d 1999-05-06
|l 0
|r 2005-01-02 00:00:00
|w 2026-02-24
|